[Event "Rated Blitz tournament l8CrvA0L"]
[Site "?"]
[Date "2021.05.29"]
[Round "?"]
[White "BrunoAlejandro"]
[Black "dr_xStranger"]
[Result "0-1"]
[WhiteElo "2328"]
[BlackElo "2476"]
[PlyCount "140"]
[EventDate "2021.??.??"]
[EventType "blitz"]

1. e4 e5 2. Nf3 d5 3. exd5 e4 4. Qe2 Nf6 5. d3 Bb4+ 6. c3 O-O 7. dxe4 Bc5 8.
Nbd2 Re8 9. h3 Nxd5 10. Qc4 Bb6 11. Be2 Nf4 12. O-O Be6 13. Qb5 a6 14. Qb4
Nxe2+ 15. Kh1 Nc6 16. Qa3 Nf4 17. Nb3 Qf6 18. Nbd4 Nxh3 19. gxh3 Nxd4 20. Nxd4
Bxh3 21. Rg1 Qh4 22. Rg3 Bg4+ 23. Kg1 Rxe4 24. Be3 Rae8 25. Qb3 Rxe3 26. Rxe3
Rxe3 27. fxe3 Qg3+ 28. Kf1 Qxe3 29. Kg2 Bh3+ 30. Kh2 Bd7 31. Qd5 Qh6+ 32. Kg1
Qg6+ 33. Qg2 Bxd4+ 34. cxd4 Qxg2+ 35. Kxg2 Bc6+ 36. Kg3 Bd5 37. Kf4 h5 38. Re1
g6 39. Re7 c6 40. Rxb7 Kg7 41. Ra7 Bxa2 42. Rxa6 Bd5 43. b4 Kf6 44. Ra7 g5+ 45.
Ke3 h4 46. Ra8 h3 47. Rh8 g4 48. Kf4 Kg7 49. Rh4 Bf3 50. d5 cxd5 51. b5 Kf6 52.
Rh6+ Ke7 53. b6 d4 54. Rh4 d3 55. Rxg4 Bxg4 56. b7 d2 57. b8=Q d1=Q 58. Qe5+
Kd7 59. Qb5+ Kc7 60. Qc5+ Kd7 61. Qb5+ Kd6 62. Qb6+ Kd5 63. Qd8+ Kc4 64. Qc7+
Kd3 65. Qd6+ Ke2 66. Kg5 Qxd6 67. Kh4 f5 68. Kg5 h2 69. Kh4 h1=Q+ 70. Kg5 Qhh6#
{Normal} 0-1

[Event "Rated Blitz tournament QtXZiuH8"]
[Site "?"]
[Date "2021.05.29"]
[Round "?"]
[White "lyxxj"]
[Black "batasjon"]
[Result "1-0"]
[WhiteElo "2483"]
[BlackElo "2419"]
[PlyCount "63"]
[EventDate "2021.??.??"]
[EventType "blitz"]

1. e4 e5 2. Nf3 d5 3. exd5 e4 4. Qe2 Nf6 5. d3 Qxd5 6. Nfd2 Nc6 7. Nxe4 Be6 8.
Nxf6+ gxf6 9. Nc3 Qa5 10. Qf3 O-O-O 11. Bd2 Nd4 12. Qxf6 Nxc2+ 13. Kd1 Nxa1 14.
Qxh8 Bb4 15. Qxh7 Bxc3 16. Bxc3 Qxa2 17. Ke2 Qb1 18. Kf3 Qd1+ 19. Kf4 Nb3 20.
h3 Nc5 21. d4 Nd7 22. Kg3 Nf6 23. Qd3 Qh5 24. Kh2 Rg8 25. Be2 Qg5 26. Bf3 Bd5
27. Bxd5 Nxd5 28. Qf3 Kb8 29. Re1 Nf4 30. g3 Ng6 31. Qe3 Qh5 32. Qe8+ {Normal}
1-0

[Event "Rated Blitz tournament l8CrvA0L"]
[Site "?"]
[Date "2021.05.29"]
[Round "?"]
[White "Aliirezaa13000"]
[Black "dr_xStranger"]
[Result "1-0"]
[WhiteElo "2386"]
[BlackElo "2478"]
[PlyCount "175"]
[EventDate "2021.??.??"]
[EventType "blitz"]

1. e4 e5 2. Nf3 d5 3. exd5 e4 4. Nd4 Nf6 5. c4 Bc5 6. Nb3 Bxf2+ 7. Kxf2 Ng4+ 8.
Ke1 Qf6 9. Qe2 O-O 10. Nc3 Re8 11. Nd1 Na6 12. a3 Bd7 13. Ne3 Ne5 14. Kd1 Nd3
15. Kc2 b5 16. c5 b4 17. a4 c6 18. d6 Be6 19. g3 Bxb3+ 20. Kxb3 Naxc5+ 21. Kc2
b3+ 22. Kb1 Qxd6 23. Bg2 Na6 24. Rf1 Nab4 25. Qg4 Qc5 26. Ra3 Nd5 27. Nxd5 cxd5
28. Rxb3 Rac8 29. Rc3 Qf8 30. Qf5 Rb8 31. Qxd5 Qb4 32. Qxf7+ Kh8 33. b3 h6 34.
Kc2 Qd4 35. Qc4 Qe5 36. Kb1 Rbd8 37. Rf7 e3 38. dxe3 Nxc1 39. Rxc1 Rd2 40. Qc3
Qxc3 41. Rxc3 Rxg2 42. Rf3 Rxh2 43. Rc2 Rh1+ 44. Kb2 Re1 45. Rc3 Re2+ 46. Ka3
Kh7 47. Rf7 R2xe3 48. Rxe3 Rxe3 49. Rxa7 Rxg3 50. a5 Rg1 51. Kb2 Rg2+ 52. Kb1
h5 53. a6 Rg1+ 54. Kb2 h4 55. Re7 Rg2+ 56. Ka3 Rg1 57. Kb4 Ra1 58. Kb5 h3 59.
Re3 h2 60. Rh3+ Kg6 61. Rxh2 Kf6 62. b4 Re1 63. Kb6 Re6+ 64. Ka5 Re7 65. b5 Re2
66. Rxe2 Kf5 67. Rf2+ Kg4 68. a7 Kg3 69. Rf1 Kg2 70. Rc1 Kf2 71. Rc7 Kf3 72.
Rxg7 Ke3 73. Rd7 Ke2 74. Rc7 Kf3 75. Rc8 Kg4 76. a8=Q Kf5 77. Qb7 Kf4 78. Rc6
Kf3 79. Qc7 Ke3 80. Qd6 Kf2 81. Rc5 Kf3 82. Rd5 Kf2 83. Qc5+ Ke2 84. Rd4 Kf3
85. Qc4 Kg3 86. Qc3+ Kf2 87. Rd2+ Kf1 88. Qc1# {Normal} 1-0

[Event "Rated Blitz game"]
[Site "?"]
[Date "2021.05.29"]
[Round "?"]
[White "PhantomKinder"]
[Black "blastol"]
[Result "1-0"]
[WhiteElo "2452"]
[BlackElo "2399"]
[PlyCount "81"]
[EventDate "2021.??.??"]
[EventType "blitz"]

1. e4 e5 2. Nf3 d5 3. d3 Bd6 4. c4 dxe4 5. dxe4 Nf6 6. Bd3 O-O 7. h3 Nc6 8. Nc3
Bb4 9. O-O Bxc3 10. bxc3 Re8 11. Bg5 h6 12. Be3 Be6 13. Qe2 Nh5 14. Rfd1 Qf6
15. Rab1 b6 16. c5 Ne7 17. Bb5 c6 18. Ba6 b5 19. Rd6 Ng6 20. Rxc6 Ngf4 21. Bxf4
Nxf4 22. Qe3 Qg6 23. Nh4 Qg5 24. g3 Nxh3+ 25. Kh2 Qg4 26. Rxe6 Qxe6 27. Nf5
Qxa6 28. Kxh3 Qxa2 29. Rxb5 Qe6 30. Kg2 Rab8 31. Rxb8 Rxb8 32. c6 Rc8 33. Qxa7
Kh7 34. c7 Qd7 35. Qa5 Qxc7 36. Qd5 Rd8 37. Qb3 Rc8 38. Ne3 Qc6 39. Nd5 f5 40.
Qb1 fxe4 41. Qxe4+ {Time forfeit} 1-0

[Event "Rated Blitz game"]
[Site "?"]
[Date "2021.05.29"]
[Round "?"]
[White "KoumissLover"]
[Black "Slimslik02"]
[Result "1-0"]
[WhiteElo "2529"]
[BlackElo "2362"]
[PlyCount "67"]
[EventDate "2021.??.??"]
[EventType "blitz"]

1. e4 e5 2. Nf3 d5 3. exd5 Kd7 4. Nxe5+ Ke8 5. Nc3 Bd6 6. Nc4 Nf6 7. d4 Nbd7 8.
Nxd6+ cxd6 9. Qe2+ Qe7 10. Qxe7+ Kxe7 11. Bd3 Re8 12. O-O Kf8 13. Bf4 Kg8 14.
Bxd6 Nb6 15. Rfe1 Bd7 16. g3 Nfxd5 17. Nxd5 Nxd5 18. c4 Nf6 19. d5 b5 20. b3
Rec8 21. Be5 Ng4 22. Bd4 bxc4 23. bxc4 Nh6 24. Re5 f6 25. Re7 Bf5 26. Bf1 a5
27. c5 Kf8 28. Rae1 Bg4 29. c6 Nf5 30. R7e4 Nxd4 31. Rxd4 Bf3 32. Bh3 Rxc6 33.
dxc6 Bxc6 34. Bg2 {Normal} 1-0

[Event "Rated Blitz game"]
[Site "?"]
[Date "2021.05.29"]
[Round "?"]
[White "AAponte"]
[Black "liaqat321"]
[Result "0-1"]
[WhiteElo "2418"]
[BlackElo "2356"]
[PlyCount "64"]
[EventDate "2021.??.??"]
[EventType "blitz"]

1. e4 e5 2. Nf3 d5 3. exd5 e4 4. Qe2 Nf6 5. d3 Bb4+ 6. c3 O-O 7. dxe4 Be7 8.
Nbd2 Re8 9. g3 Bg4 10. Bg2 Na6 11. O-O Bd6 12. Qc4 Nc5 13. Re1 b5 14. Qd4 Ncd7
15. e5 Bc5 16. Qd3 Bxf3 17. Nxf3 Ng4 18. Rf1 Ngxe5 19. Nxe5 Nxe5 20. Qxb5 Bb6
21. Bf4 Ng6 22. Bd2 Rb8 23. Qa6 Qd6 24. Qa4 Re2 25. Rad1 Rbe8 26. Bf3 R2e7 27.
Rfe1 h6 28. Rxe7 Rxe7 29. Re1 Ne5 30. Bg2 Nd3 31. Rxe7 Qxe7 32. Qc2 Qe2 {Normal
} 0-1

[Event "Rated Blitz tournament QtXZiuH8"]
[Site "?"]
[Date "2021.05.29"]
[Round "?"]
[White "Sergey_Shtyka"]
[Black "geptil"]
[Result "1-0"]
[WhiteElo "2462"]
[BlackElo "2334"]
[PlyCount "81"]
[EventDate "2021.??.??"]
[EventType "blitz"]

1. e4 e5 2. Nf3 d5 3. Nc3 d4 4. Ne2 Nc6 5. d3 Bg4 6. Ng3 h5 7. h3 Bd7 8. Bg5
Be7 9. Bxe7 Qxe7 10. h4 Qb4+ 11. Qd2 Qxb2 12. Rc1 Nb4 13. Nxe5 Nxa2 14. Rd1 Nb4
15. Rc1 Ba4 16. Nc4 Nxc2+ 17. Ke2 Qc3 18. Qg5 Kf8 19. Nxh5 g6 20. Nf6 Ne7 21.
Qc5 c6 22. Nd7+ Ke8 23. Nf6+ Kf8 24. h5 b6 25. Qd6 Bb5 26. Ne5 Qb2 27. h6 Ne1+
28. Kxe1 Qxc1+ 29. Ke2 Rxh6 30. Rxh6 Qxh6 31. Ned7+ Kg7 32. Qxe7 Qc1 33. Qe5
Qc2+ 34. Kf3 Qd1+ 35. Be2 Qh1 36. Nh5+ Kh6 37. Qg7+ Kxh5 38. Qh7+ Kg5 39. Qxh1
c5 40. Kg3 f5 41. f4# {Normal} 1-0

[Event "Rated Blitz game"]
[Site "?"]
[Date "2021.05.29"]
[Round "?"]
[White "riserman"]
[Black "mirekkk14"]
[Result "1-0"]
[WhiteElo "2435"]
[BlackElo "2394"]
[PlyCount "59"]
[EventDate "2021.??.??"]
[EventType "blitz"]

1. e4 e5 2. Nf3 d5 3. exd5 e4 4. Qe2 Qe7 5. Nd4 Nf6 6. c4 Qe5 7. Nb5 c6 8. d4
Bb4+ 9. N1c3 Qe7 10. dxc6 bxc6 11. a3 cxb5 12. axb4 bxc4 13. Qxc4 O-O 14. Be3
Be6 15. Qc5 Qb7 16. b5 Rc8 17. Qa3 Nd5 18. Be2 Nd7 19. O-O Nxc3 20. bxc3 Bc4
21. Bxc4 Rxc4 22. Rfb1 Nb6 23. Qb3 Qd5 24. Ra6 h6 25. Rba1 Kh7 26. Rxb6 axb6
27. Rxa8 Qxa8 28. Qxc4 Qa1+ 29. Qf1 Qxc3 30. d5 {Normal} 1-0

[Event "Rated Blitz game"]
[Site "?"]
[Date "2021.05.29"]
[Round "?"]
[White "theJoker95"]
[Black "blastol"]
[Result "0-1"]
[WhiteElo "2367"]
[BlackElo "2431"]
[PlyCount "24"]
[EventDate "2021.??.??"]
[EventType "blitz"]

1. e4 e5 2. Nf3 d5 3. Nxe5 Bd6 4. d4 dxe4 5. Bc4 Bxe5 6. Qh5 Qe7 7. dxe5 Be6 8.
Bxe6 Qxe6 9. O-O Nc6 10. Re1 O-O-O 11. Rxe4 Nf6 12. exf6 Qxe4 {Time forfeit}
0-1

[Event "Rated Blitz game"]
[Site "?"]
[Date "2021.05.29"]
[Round "?"]
[White "nrm18"]
[Black "annaly1979"]
[Result "1-0"]
[WhiteElo "2450"]
[BlackElo "2438"]
[PlyCount "87"]
[EventDate "2021.??.??"]
[EventType "blitz"]

1. e4 e5 2. Nf3 d5 3. Nxe5 Qe7 4. d4 f6 5. Ng4 Nc6 6. Ne3 Qxe4 7. c3 Nge7 8.
Bd3 Qh4 9. O-O Bd7 10. b4 Ng6 11. Nxd5 Bd6 12. g3 Qh3 13. Re1+ Kd8 14. Bf1 Qf5
15. Ne3 Qg5 16. b5 Nce7 17. c4 Bb4 18. Nd5 Qxc1 19. Qxc1 Nxd5 20. cxd5 Bxe1 21.
Qxe1 Re8 22. Qc3 Ne7 23. Qc4 Nf5 24. Nc3 Nd6 25. Qd3 Bf5 26. Qd2 b6 27. a3 Kd7
28. a4 h5 29. a5 h4 30. Na2 hxg3 31. hxg3 Be4 32. Bg2 Bxg2 33. Kxg2 Ne4 34. Qc2
Rac8 35. Nb4 Nd6 36. Qc6+ Ke7 37. Re1+ Kf7 38. Rxe8 Nxe8 39. Qd7+ Kg6 40. Qxc8
Nd6 41. Qxc7 Nxb5 42. Qc6 Nxd4 43. axb6 axb6 44. Qxb6 {Normal} 1-0

[Event "Rated Blitz tournament QtXZiuH8"]
[Site "?"]
[Date "2021.05.29"]
[Round "?"]
[White "sr654"]
[Black "batasjon"]
[Result "0-1"]
[WhiteElo "2500"]
[BlackElo "2414"]
[PlyCount "100"]
[EventDate "2021.??.??"]
[EventType "blitz"]

1. e4 e5 2. Nf3 d5 3. exd5 e4 4. Nd4 Qxd5 5. Nb3 Nf6 6. Nc3 Qf5 7. d4 Bd6 8.
Be2 Qg6 9. g3 Bh3 10. Be3 O-O 11. Qd2 Nc6 12. O-O-O a5 13. a4 Bb4 14. f4 Nd5
15. Kb1 Rfd8 16. g4 Bg2 17. Rhg1 Bf3 18. f5 Qd6 19. Bxf3 exf3 20. Bf2 Bxc3 21.
bxc3 Qa3 22. g5 Qxa4 23. g6 fxg6 24. fxg6 h6 25. Bh4 Qc4 26. Bxd8 Nxc3+ 27. Kb2
Na4+ 28. Ka3 Rxd8 29. Qf4 Qb4+ 30. Ka2 Nc3+ 31. Kb2 Rf8 32. Qd2 Na4+ 33. Ka2
Qb5 34. d5 Nb4+ 35. Kb1 Qc4 36. Rgf1 Nc3+ 37. Kb2 Nxd1+ 38. Qxd1 f2 39. Nd2
Qd4+ 40. c3 Nd3+ 41. Kc2 Qe3 42. Nc4 Ne1+ 43. Kb2 Qe8 44. Nd2 Qb5+ 45. Nb3 Qxf1
46. Qd4 Qe2+ 47. Ka3 f1=Q 48. Qc4 Qxc4 49. d6 Qxc3 50. Ka4 Nc2 {Time forfeit}
0-1

[Event "Rated Rapid game"]
[Site "?"]
[Date "2021.05.29"]
[Round "?"]
[White "Gmelhor"]
[Black "Gmjaknour"]
[Result "1-0"]
[WhiteElo "2649"]
[BlackElo "2461"]
[PlyCount "69"]
[EventDate "2021.??.??"]
[EventType "rapid"]

1. e4 e5 2. Nf3 d5 3. exd5 e4 4. Bb5+ c6 5. dxc6 bxc6 6. Qe2 cxb5 7. Qxb5+ Bd7
8. Qe2 Qe7 9. Nd4 Nf6 10. O-O Nc6 11. Nb5 g6 12. Nc7+ Kd8 13. Nxa8 Bg4 14. Qa6
Nb4 15. Qa5+ Kc8 16. Na3 Qb7 17. d3 Qxa8 18. Bg5 Be7 19. Qe5 exd3 20. Bxf6 Bxf6
21. Qxf6 Rd8 22. Qxf7 h5 23. Qc4+ Nc6 24. cxd3 Kb8 25. Qf4+ Kc8 26. Rac1 Qb7
27. Rc2 Bd7 28. Rfc1 h4 29. d4 Qb4 30. Rxc6+ Bxc6 31. Rxc6+ Kb7 32. Qc7+ Ka8
33. Qxd8+ Kb7 34. Qd7+ Kb8 35. Rc8# {Normal} 1-0

[Event "Rated Blitz game"]
[Site "?"]
[Date "2021.05.29"]
[Round "?"]
[White "papagayam"]
[Black "GoughPhar"]
[Result "1-0"]
[WhiteElo "2473"]
[BlackElo "2473"]
[PlyCount "69"]
[EventDate "2021.??.??"]
[EventType "blitz"]

1. e4 e5 2. Nf3 d5 3. Nxe5 Bd6 4. d4 dxe4 5. Bf4 Bf5 6. Bc4 Bg6 7. Nxg6 hxg6 8.
Bxd6 Qxd6 9. h3 Nc6 10. c3 Nf6 11. Qb3 O-O-O 12. Bxf7 e3 13. Qe6+ Kb8 14. Qxd6
exf2+ 15. Kxf2 Rxd6 16. Rf1 Rf8 17. Bb3 g5 18. Nd2 g4 19. Rae1 Rdd8 20. h4 Ne4+
21. Ke3 Nxd2 22. Kxd2 g3 23. Rxf8 Rxf8 24. Re3 a5 25. Rxg3 Rf2+ 26. Kd3 Rxb2
27. Rxg7 b5 28. h5 a4 29. Bd5 Nd8 30. h6 Rb1 31. Rg8 Rh1 32. Rxd8+ Ka7 33. Rh8
Kb6 34. h7 Ka7 35. Ra8+ {Normal} 1-0

[Event "Rated Blitz game"]
[Site "?"]
[Date "2021.05.28"]
[Round "?"]
[White "koromarbel"]
[Black "Barruch"]
[Result "0-1"]
[WhiteElo "2447"]
[BlackElo "2436"]
[PlyCount "59"]
[EventDate "2021.??.??"]
[EventType "blitz"]

1. e4 e5 2. Nf3 d5 3. exd5 Bd6 4. c4 Nf6 5. d4 e4 6. Ne5 h6 7. Nc3 Qe7 8. Bf4
Bf5 9. h3 Nbd7 10. Qa4 O-O 11. Nxd7 Nxd7 12. Bxd6 Qxd6 13. c5 Qe7 14. g4 Bg6
15. Bg2 Nf6 16. O-O Rfd8 17. Qb3 Rab8 18. Rfe1 Qd7 19. Nxe4 Nxd5 20. Qg3 Nb4
21. Rad1 Nc2 22. Re2 Nxd4 23. Red2 Ne2+ 24. Kh2 Qxd2 25. Rxd2 Nxg3 26. Rxd8+
Rxd8 27. Nxg3 Rd2 28. Bxb7 Rxf2+ 29. Kg1 Rxb2 30. Bd5 {Normal} 0-1

[Event "Rated Blitz game"]
[Site "?"]
[Date "2021.05.28"]
[Round "?"]
[White "Passdar"]
[Black "blastol"]
[Result "1-0"]
[WhiteElo "2459"]
[BlackElo "2414"]
[PlyCount "61"]
[EventDate "2021.??.??"]
[EventType "blitz"]

1. e4 e5 2. Nf3 d5 3. exd5 Bd6 4. d4 e4 5. Ne5 Nd7 6. Nxd7 Bxd7 7. c4 Nf6 8.
Nc3 h6 9. Be2 O-O 10. O-O Re8 11. f3 e3 12. Bd3 Nh5 13. g3 Nxg3 14. hxg3 Bxg3
15. Ne4 Qh4 16. Qe2 Bh3 17. Bxe3 f5 18. Bf2 fxe4 19. Bxe4 Bxf1 20. Bxg3 Qxg3+
21. Kxf1 Rf8 22. Qg2 Qf4 23. Qg6 Rf6 24. Qh7+ Kf7 25. Ke2 Re8 26. Rg1 Qxf3+ 27.
Kd2 Qf2+ 28. Kc3 Qxg1 29. d6 Qe3+ 30. Bd3 Qe4 31. Bxe4 {Normal} 1-0

[Event "Rated Blitz game"]
[Site "?"]
[Date "2021.05.28"]
[Round "?"]
[White "GMJOEY93"]
[Black "PrawnsGambit"]
[Result "0-1"]
[WhiteElo "2634"]
[BlackElo "2454"]
[PlyCount "82"]
[EventDate "2021.??.??"]
[EventType "blitz"]

1. e4 e5 2. Nf3 d5 3. d4 dxe4 4. Nxe5 Bd6 5. Nc4 Nf6 6. Bg5 Nc6 7. Ne3 h6 8.
Bh4 g5 9. Bg3 Bf4 10. c3 Qe7 11. Nd2 Bd7 12. Qb3 O-O-O 13. O-O-O Be6 14. Bc4
Na5 15. Bxe6+ fxe6 16. Qa4 Nc6 17. Rhe1 e5 18. d5 Nxd5 19. Nxd5 Rxd5 20. Qxe4
Rhd8 21. Bxf4 gxf4 22. Nf3 R5d6 23. Qf5+ Kb8 24. Rd2 Qg7 25. Rxd6 cxd6 26. Qh3
Qg8 27. Kb1 Qg6+ 28. Ka1 e4 29. Nh4 Qg5 30. Rxe4 d5 31. Re1 d4 32. Nf3 Qa5 33.
Qh4 dxc3 34. Qxf4+ Ka8 35. a3 cxb2+ 36. Kxb2 Qb5+ 37. Ka1 Qb3 38. Qc1 a6 39.
Qb2 Qa4 40. Rb1 Na5 41. Ne5 Rd3 {Time forfeit} 0-1

[Event "Rated Blitz game"]
[Site "?"]
[Date "2021.05.28"]
[Round "?"]
[White "RiseLikeAPhoenix"]
[Black "VVV-31"]
[Result "1-0"]
[WhiteElo "2483"]
[BlackElo "2323"]
[PlyCount "113"]
[EventDate "2021.??.??"]
[EventType "blitz"]

1. e4 e5 2. Nf3 d5 3. exd5 Bd6 4. d4 e4 5. Ne5 Nf6 6. c4 c5 7. dxc6 Bxe5 8.
dxe5 Qxd1+ 9. Kxd1 Ng4 10. Be3 Nxc6 11. Nd2 Bf5 12. Be2 Nxe3+ 13. fxe3 Nxe5 14.
Rf1 Bg6 15. g4 O-O-O 16. Kc2 h6 17. Rf4 Rhe8 18. h4 f6 19. Rd1 Nc6 20. Rff1
Nb4+ 21. Kb3 Nd3 22. a3 Nc5+ 23. Kc3 a5 24. Nb3 Na4+ 25. Kc2 b6 26. Nd4 Nc5 27.
b4 axb4 28. axb4 Ne6 29. Kc3 Nxd4 30. Rxd4 Kc7 31. Ra1 Ra8 32. Rdd1 Rxa1 33.
Rxa1 Kb7 34. Rd1 Re7 35. Rd6 Kc7 36. c5 bxc5 37. bxc5 Re5 38. Kd4 Be8 39. Bc4
Bc6 40. Be6 h5 41. g5 Bb7 42. Rd7+ Kc6 43. Rd6+ Kc7 44. Bf7 Rf5 45. gxf6 gxf6
46. Be6 Rf2 47. Rd7+ Kc6 48. Rh7 Rd2+ 49. Kxe4 Kxc5+ 50. Rxb7 Kd6 51. Rd7+ Kxe6
52. Rxd2 f5+ 53. Kf4 Kf6 54. e4 fxe4 55. Rd6+ Ke7 56. Rh6 e3 57. Kxe3 {Normal}
1-0

[Event "Rated Blitz game"]
[Site "?"]
[Date "2021.05.28"]
[Round "?"]
[White "wallie666"]
[Black "gmmds2694"]
[Result "0-1"]
[WhiteElo "2380"]
[BlackElo "2540"]
[PlyCount "38"]
[EventDate "2021.??.??"]
[EventType "blitz"]

1. e4 e5 2. Nf3 d5 3. Nxe5 Bd6 4. d4 dxe4 5. Qe2 Nf6 6. Bg5 O-O 7. Nd2 c5 8. c3
cxd4 9. cxd4 Nc6 10. Nxc6 bxc6 11. O-O-O Re8 12. Kb1 Bf5 13. Ka1 a5 14. Nc4 a4
15. h3 a3 16. b3 Bb4 17. Bd2 Qxd4+ 18. Kb1 e3+ 19. Kc1 Qa1# {Normal} 0-1

[Event "Rated Blitz game"]
[Site "?"]
[Date "2021.05.28"]
[Round "?"]
[White "HBsen"]
[Black "KinzyabulatovRenat"]
[Result "0-1"]
[WhiteElo "2436"]
[BlackElo "2380"]
[PlyCount "104"]
[EventDate "2021.??.??"]
[EventType "blitz"]

1. e4 e5 2. Nf3 d5 3. Nxe5 Bd6 4. d4 dxe4 5. Nc4 Nf6 6. Nxd6+ Qxd6 7. Be2 O-O
8. O-O Nc6 9. c3 Rd8 10. Bg5 h6 11. Bh4 Ne7 12. Bg3 Qd7 13. Qb3 Nf5 14. Nd2
Nxg3 15. hxg3 c6 16. Nc4 Qc7 17. Ne5 Be6 18. Bc4 Bd5 19. Rae1 b5 20. Bxd5 cxd5
21. f3 a6 22. fxe4 dxe4 23. Rxe4 Nxe4 24. Rxf7 Nd2 25. Qe6 Qd6 26. Rxg7+ Kxg7
27. Qf7+ Kh8 28. Ng6+ Qxg6 29. Qxg6 Nc4 30. Qxh6+ Kg8 31. Qg6+ Kf8 32. Qf6+ Kg8
33. b3 Nd6 34. Qg6+ Kf8 35. Qh6+ Ke7 36. Qg7+ Nf7 37. Qg4 Rac8 38. Qe2+ Kf8 39.
c4 bxc4 40. bxc4 Rxd4 41. c5 Rxc5 42. Qxa6 Rc1+ 43. Kh2 Rdd1 44. g4 Kg7 45. Qa5
Rc2 46. a3 Rdd2 47. Kh3 Rxg2 48. g5 Rxg5 49. Qe1 Rc8 50. Qa1+ Ne5 51. Kh4 Rg4+
52. Kh3 Rh8# {Normal} 0-1

[Event "Rated Blitz tournament EaQVX4SQ"]
[Site "?"]
[Date "2021.05.28"]
[Round "?"]
[White "Kastorcito"]
[Black "Lur15"]
[Result "1-0"]
[WhiteElo "2718"]
[BlackElo "2410"]
[PlyCount "85"]
[EventDate "2021.??.??"]
[EventType "blitz"]

1. e4 e5 2. Nf3 d5 3. d4 dxe4 4. Nxe5 Bd6 5. Nc4 Nf6 6. Nc3 O-O 7. Bg5 Re8 8.
Be2 Nc6 9. Nd5 Be7 10. Nxe7+ Qxe7 11. c3 h6 12. Bh4 Qe6 13. Ne3 Nd5 14. Qb3
Nxe3 15. fxe3 Qxb3 16. axb3 a6 17. Bg3 Re7 18. b4 Rb8 19. b5 axb5 20. Bxb5 Bd7
21. Bxc7 Rc8 22. Bd6 Re6 23. Bg3 Rg6 24. O-O Rd8 25. Bc4 Rf6 26. Rxf6 gxf6 27.
Kf2 Kg7 28. Ke2 b5 29. Bb3 b4 30. c4 Ne7 31. Ra7 Nf5 32. Kf2 Nxg3 33. Kxg3 Be6
34. d5 Bf5 35. Kf4 Bg6 36. c5 Re8 37. d6 Re5 38. d7 Rf5+ 39. Kg3 Rg5+ 40. Kf2
Rf5+ 41. Ke1 Rxc5 42. d8=Q Rc1+ 43. Kd2 {Normal} 1-0

[Event "Rated Blitz game"]
[Site "?"]
[Date "2021.05.28"]
[Round "?"]
[White "Kudritsky_Maksim_04"]
[Black "annaly1979"]
[Result "0-1"]
[WhiteElo "2434"]
[BlackElo "2444"]
[PlyCount "43"]
[EventDate "2021.??.??"]
[EventType "blitz"]

1. e4 e5 2. Nf3 d5 3. Nxe5 Qe7 4. d4 f6 5. Nf3 dxe4 6. Ng1 f5 7. Bf4 Nf6 8. c3
Nc6 9. Bc4 Be6 10. d5 O-O-O 11. Bg5 Qc5 12. Qa4 Ng4 13. Nh3 Bxd5 14. Nd2 Be7
15. Bxd5 Qxd5 16. Rd1 Bxg5 17. Nxg5 e3 18. fxe3 Qxg2 19. Rf1 Nxe3 20. Qf4 Nxd1
21. Kxd1 Rxd2+ 22. Qxd2 {Normal} 0-1

[Event "Rated Blitz game"]
[Site "?"]
[Date "2021.05.28"]
[Round "?"]
[White "GMJOEY93"]
[Black "PrawnsGambit"]
[Result "1-0"]
[WhiteElo "2617"]
[BlackElo "2466"]
[PlyCount "84"]
[EventDate "2021.??.??"]
[EventType "blitz"]

1. e4 e5 2. Nf3 d5 3. d4 dxe4 4. Nxe5 Bd6 5. Nc4 Nc6 6. c3 Nf6 7. Bg5 Bf5 8.
Nbd2 O-O 9. Ne3 Bg6 10. Be2 h6 11. Bh4 Re8 12. O-O Na5 13. Bg3 c5 14. Bxd6 Qxd6
15. dxc5 Qe5 16. b4 Nc6 17. Qb3 Qg5 18. Ndc4 Bh5 19. Qd1 Bxe2 20. Qxe2 Nh5 21.
Qg4 Qxg4 22. Nxg4 Nf4 23. Nd6 Re7 24. Rfe1 b6 25. Rxe4 Rxe4 26. Nxe4 f5 27. b5
Na5 28. Nd6 fxg4 29. c6 Ne2+ 30. Kf1 Nxc3 31. c7 Nb7 32. c8=Q+ Rxc8 33. Nxc8
Nxb5 34. a4 Nd4 35. Nxa7 Nc5 36. Nc8 Nc2 37. Rc1 Nb4 38. Nxb6 Nbd3 39. Rc3 h5
40. a5 Kh7 41. a6 Nxa6 42. Rxd3 Nc5 {Normal} 1-0

[Event "Rated Blitz game"]
[Site "?"]
[Date "2021.05.28"]
[Round "?"]
[White "jim2600"]
[Black "PrawnsGambit"]
[Result "0-1"]
[WhiteElo "2445"]
[BlackElo "2440"]
[PlyCount "130"]
[EventDate "2021.??.??"]
[EventType "blitz"]

1. e4 e5 2. Nf3 d5 3. exd5 e4 4. Nd4 Nf6 5. Nc3 c6 6. d3 Bc5 7. Nb3 Bxf2+ 8.
Kxf2 cxd5 9. dxe4 Ng4+ 10. Kg1 Qf6 11. Qd4 dxe4 12. Qxf6 Nxf6 13. Bg5 Bf5 14.
Bb5+ Nc6 15. Bxf6 gxf6 16. Nd4 Bd7 17. Bxc6 bxc6 18. Nxe4 O-O-O 19. Nxf6 Bg4
20. Nxg4 Rxd4 21. Nf2 Rd2 22. Rc1 Re8 23. Nh3 Ree2 24. Nf4 Rf2 25. g3 a5 26. a4
Rxc2 27. Rxc2 Rxc2 28. h4 Rxb2 29. Rh2 Rb1+ 30. Kg2 Ra1 31. Kh3 Rxa4 32. Rc2
Kb7 33. Kg4 Rb4 34. Kf5 a4 35. g4 Kb6 36. g5 Kb5 37. h5 a3 38. Nd3 Rb3 39. Nc1
Rf3+ 40. Kg4 Rf1 41. Na2 c5 42. Rc3 Ka4 43. Rxc5 Kb3 44. Nc1+ Ka4 45. Rc7 Kb5
46. Ra7 Kb4 47. Nd3+ Kb3 48. Ne5 a2 49. Nxf7 Rxf7 50. Rxf7 a1=Q 51. Rxh7 Qg1+
52. Kf4 Qf2+ 53. Ke5 Qe3+ 54. Kf6 Qf4+ 55. Kg6 Kc4 56. Rf7 Qe4+ 57. Kg7 Qg4 58.
Kg6 Kd5 59. h6 Ke6 60. Rf6+ Ke7 61. h7 Qh4 62. Kg7 Qxg5+ 63. Rg6 Qe5+ 64. Kg8
Qf5 65. h8=Q Qf7# {Normal} 0-1

[Event "Rated Blitz game"]
[Site "?"]
[Date "2021.05.28"]
[Round "?"]
[White "vovasev"]
[Black "elcabusin"]
[Result "1-0"]
[WhiteElo "2403"]
[BlackElo "2405"]
[PlyCount "117"]
[EventDate "2021.??.??"]
[EventType "blitz"]

1. e4 e5 2. Nf3 d5 3. d4 dxe4 4. Nxe5 Bd6 5. Bc4 Bxe5 6. dxe5 Qxd1+ 7. Kxd1 Nc6
8. Bf4 Bf5 9. Nc3 Nge7 10. h3 Ng6 11. Bg3 Ngxe5 12. Bd5 O-O-O 13. Kc1 Bg6 14.
Re1 f5 15. b3 Rhe8 16. Kb2 Nb4 17. Rad1 c6 18. Bxe5 Rxe5 19. Bc4 b5 20. Rxd8+
Kxd8 21. Rd1+ Kc7 22. Be2 a6 23. a3 Nd5 24. Nxd5+ Rxd5 25. Rxd5 cxd5 26. Kc3
Kc6 27. Kd4 f4 28. b4 Kd6 29. c3 Bf5 30. h4 Bd7 31. g3 fxg3 32. fxg3 h6 33. Bh5
g5 34. Bf7 Be6 35. Be8 gxh4 36. gxh4 Bg8 37. a4 bxa4 38. Bxa4 Ke6 39. Bc6 Kf5
40. Bb7 Kf4 41. Bxa6 e3 42. Be2 Be6 43. b5 Bc8 44. b6 Bb7 45. Bd1 h5 46. Bxh5
Kg3 47. Kxe3 Kxh4 48. Bf7 Kg5 49. Kd4 Kf6 50. Bxd5 Bc8 51. b7 Bxb7 52. Bxb7 Ke7
53. Kc5 Kd8 54. Kb6 Kd7 55. c4 Kd8 56. c5 Kd7 57. c6+ Kd8 58. c7+ Ke7 59. c8=Q
{Normal} 1-0

[Event "Rated Blitz game"]
[Site "?"]
[Date "2021.05.28"]
[Round "?"]
[White "Manu94"]
[Black "annaly1979"]
[Result "0-1"]
[WhiteElo "2461"]
[BlackElo "2418"]
[PlyCount "120"]
[EventDate "2021.??.??"]
[EventType "blitz"]

1. e4 e5 2. Nf3 d5 3. d4 dxe4 4. Nxe5 Bd6 5. Bc4 Bxe5 6. Qh5 Qe7 7. Qxe5 Qxe5
8. dxe5 Nc6 9. Bf4 Nge7 10. Nc3 Ng6 11. Bg3 Ncxe5 12. Bb3 O-O 13. O-O-O e3 14.
f3 c6 15. Rhe1 Nd7 16. Rxe3 Nc5 17. Bc4 Be6 18. Bf1 Rfd8 19. Bd6 Nd7 20. b3 Nf6
21. g3 Ne8 22. Ba3 Rxd1+ 23. Kxd1 Nc7 24. Ne4 Nd5 25. Rd3 Bf5 26. c4 Bxe4 27.
fxe4 Nf6 28. Bg2 h5 29. h3 Ne5 30. Rd2 b6 31. Bd6 Nfd7 32. h4 Re8 33. Bh3 f6
34. Kc2 Kf7 35. a4 Nf8 36. Kc3 Nf3 37. Re2 Rd8 38. Bxf8 Kxf8 39. Bf5 c5 40. Bg6
Nd4 41. Re3 Nc6 42. Bxh5 Ke7 43. Bg6 Rd1 44. h5 Rc1+ 45. Kb2 Rg1 46. Bf5 Nd4
47. g4 a5 48. Rd3 Rg2+ 49. Kb1 Kd6 50. Rh3 Ke5 51. h6 gxh6 52. Rxh6 Rg3 53. Kb2
Rxb3+ 54. Ka2 Rb4 55. Rh8 Rxc4 56. Re8+ Kf4 57. Re6 Rxa4+ 58. Kb2 Rb4+ 59. Kc3
Kg5 60. Rd6 Nb5+ {Normal} 0-1

[Event "Rated Blitz tournament N6wT9MH1"]
[Site "?"]
[Date "2021.05.28"]
[Round "?"]
[White "haridf"]
[Black "om_gendut"]
[Result "0-1"]
[WhiteElo "2353"]
[BlackElo "2404"]
[PlyCount "74"]
[EventDate "2021.??.??"]
[EventType "blitz"]

1. e4 e5 2. Nf3 d5 3. d3 dxe4 4. dxe4 Qxd1+ 5. Kxd1 Bg4 6. c3 Nc6 7. Be3 O-O-O+
8. Kc2 Nf6 9. Nbd2 Bh5 10. Bd3 Ng4 11. Bg5 f6 12. Bh4 Bc5 13. Rhf1 a6 14. h3
Nh6 15. g4 Bg6 16. g5 Ng8 17. gxf6 gxf6 18. Nb3 Be7 19. Bg3 Nh6 20. Nh4 Nf7 21.
f4 exf4 22. Bxf4 Nfe5 23. Nxg6 hxg6 24. Be2 Rxh3 25. Nd4 Rh4 26. Nxc6 Nxc6 27.
Rae1 Kb8 28. Bc4 g5 29. Bg3 Rh3 30. Re3 Rh6 31. e5 fxe5 32. Bxe5 Bc5 33. Re2
Nxe5 34. Rxe5 Rh2+ 35. Be2 Bd6 36. Re4 Bf4 37. Kb3 Rd2 {Normal} 0-1